[Event "Druga liga Srbije - Vojvodina 2008"]
[Site "Sombor"]
[Date "2008.10.07"]
[Round "10"]
[White "Jakovljev, Zoran"]
[Black "Robulj, Nenad"]
[Result "1/2-1/2"]
[WhiteElo "2233"]
[BlackElo "2267"]
[PlyCount "20"]
[EventDate "2008.??.??"]
[Source "Perpetual Check"]

1. e4 c6 2. d4 Na6 3. Nf3 Nc7 4. Bd3 d5 5. e5 Bg4 6. h3 Bxf3 7. Qxf3 e6 8. O-O
c5 9. c3 Ne7 10. Be3 Nc6 1/2-1/2

[Event "Druga liga Srbije - Vojvodina 2008"]
[Site "Sombor"]
[Date "2008.10.07"]
[Round "10"]
[White "Velickovic, Sasa"]
[Black "Miljanic, Boro"]
[Result "1/2-1/2"]
[WhiteElo "2410"]
[BlackElo "2404"]
[PlyCount "21"]
[EventDate "2008.??.??"]
[Source "Perpetual Check"]

1. e4 e6 2. d3 d5 3. Nd2 Nf6 4. Ngf3 b6 5. Qe2 dxe4 6. Nxe4 Bb7 7. g3 Nxe4 8.
dxe4 Ba6 9. Qd2 Qxd2+ 10. Bxd2 Bxf1 11. Kxf1 1/2-1/2

[Event "Druga liga Srbije - Vojvodina 2008"]
[Site "Sombor"]
[Date "2008.10.07"]
[Round "10"]
[White "Tomic, Bosko"]
[Black "Radlovacki, Jovan"]
[Result "0-1"]
[WhiteElo "2405"]
[BlackElo "2390"]
[PlyCount "42"]
[EventDate "2008.??.??"]
[Source "Perpetual Check"]

1. e4 c6 2. d4 d5 3. Nc3 g6 4. Nf3 Bg7 5. h3 Nh6 6. Bf4 f6 7. Bd3 Nf7 8. Qe2
O-O 9. O-O-O e6 10. e5 Nd7 11. exf6 Qxf6 12. Be3 e5 13. dxe5 Ndxe5 14. Bd4 Qf4+
15. Be3 Qb4 16. Nd4 Nxd3+ 17. Qxd3 Ne5 18. Qe2 Nc4 19. Nb3 Bxc3 20. Bc5 Bxb2+
21. Kb1 Qc3 0-1

[Event "Druga liga Srbije - Vojvodina 2008"]
[Site "Sombor"]
[Date "2008.10.07"]
[Round "10"]
[White "Andrijevic, Milan"]
[Black "Vujadinovic, Goran"]
[Result "1/2-1/2"]
[WhiteElo "2367"]
[BlackElo "2363"]
[PlyCount "46"]
[EventDate "2008.??.??"]
[Source "Perpetual Check"]

1. e4 d6 2. d4 g6 3. Nf3 Nf6 4. Nc3 Bg7 5. Be2 O-O 6. O-O c6 7. h3 Qc7 8. Be3
Nbd7 9. a4 b6 10. Qd2 Bb7 11. Bh6 a6 12. Bxg7 Kxg7 13. Qe3 e5 14. dxe5 dxe5 15.
Nd2 b5 16. Nb3 Rfe8 17. Rfd1 Nf8 18. Nc5 N6d7 19. Nxd7 Nxd7 20. Rd2 Nf6 21.
Rad1 Rad8 22. Rxd8 Rxd8 23. h4 Rxd1+ 1/2-1/2

[Event "Druga liga Srbije - Vojvodina 2008"]
[Site "Sombor"]
[Date "2008.10.07"]
[Round "10"]
[White "Kostic, Branimir"]
[Black "Kolognat, Petar"]
[Result "0-1"]
[WhiteElo "2289"]
[BlackElo "2292"]
[PlyCount "72"]
[EventDate "2008.??.??"]
[Source "Perpetual Check"]

1. d4 Nf6 2. c4 c5 3. e3 cxd4 4. exd4 g6 5. Nf3 Bg7 6. Be2 O-O 7. O-O d6 8. Nc3
Nbd7 9. Bf4 Re8 10. d5 Nc5 11. Nd4 a5 12. Re1 Bd7 13. Rc1 Qb6 14. Ncb5 Bxb5 15.
Nxb5 Nfe4 16. Rf1 Bxb2 17. Rb1 Be5 18. Be3 Qd8 19. Qc2 Bg7 20. f3 Nf6 21. Rbd1
Nfd7 22. f4 Nf6 23. Bd4 Qd7 24. f5 Rac8 25. Qb2 b6 26. h3 Bh6 27. fxg6 hxg6 28.
Rxf6 exf6 29. Bxf6 Na4 30. Bg4 Nxb2 31. Bxd7 Nxd1 32. Nxd6 Re1+ 33. Kh2 Bf4+
34. g3 Bxd6 35. Bxc8 Re2+ 36. Kg1 Bc5+ 0-1

[Event "Druga liga Srbije - Vojvodina 2008"]
[Site "Sombor"]
[Date "2008.10.07"]
[Round "10"]
[White "Bodiroga, Predrag"]
[Black "Saric, Sinisa"]
[Result "1-0"]
[WhiteElo "2435"]
[BlackElo "2414"]
[PlyCount "121"]
[EventDate "2008.??.??"]
[Source "Perpetual Check"]

1. d4 Nf6 2. c4 g6 3. Nc3 Bg7 4. e4 d6 5. Nf3 O-O 6. Be2 Na6 7. O-O e5 8. Be3
Ng4 9. Bg5 Qe8 10. Re1 exd4 11. Nxd4 Qe5 12. Nf3 Qc5 13. Bh4 f5 14. exf5 Bxf5
15. Nd5 Rae8 16. h3 Nf6 17. Nxf6+ Bxf6 18. Bxf6 Rxf6 19. a3 Bd7 20. Qd2 Qf5 21.
b4 Qf4 22. Qc3 Rfe6 23. Bf1 Rxe1 24. Rxe1 Rxe1 25. Qxe1 Qf6 26. c5 dxc5 27.
Bc4+ Kg7 28. Bxa6 bxa6 29. bxc5 Bxh3 30. Qa5 c6 31. Qc7+ Kg8 32. Ne5 Bf5 33.
Nxc6 Be4 34. Ne5 Qf4 35. Qd8+ Kg7 36. Qe7+ Kg8 37. f3 Qe3+ 38. Kh2 Qf4+ 39. g3
Qh6+ 40. Kg2 Qd2+ 41. Kh3 Qh6+ 42. Qh4 Bf5+ 43. g4 Qxh4+ 44. Kxh4 Be6 45. Nc6
Kf8 46. Kg5 Bd5 47. Nd4 Kg7 48. Kf4 Kf6 49. g5+ Ke7 50. Ke5 Bc4 51. f4 Ba2 52.
Nc6+ Kd7 53. Nb8+ Ke7 54. Nxa6 Bc4 55. Nb4 Kd7 56. c6+ Kc7 57. Kd4 Be6 58. Kc5
Bg4 59. Nd5+ Kd8 60. Kd6 Kc8 61. f5 1-0

[Event "Druga liga Srbije - Vojvodina 2008"]
[Site "Sombor"]
[Date "2008.10.07"]
[Round "10"]
[White "Rogac, Srdjan"]
[Black "Somborski, Nebojsa"]
[Result "1/2-1/2"]
[WhiteElo "2303"]
[BlackElo "2379"]
[PlyCount "40"]
[EventDate "2008.??.??"]
[Source "Perpetual Check"]

1. e4 e5 2. Nf3 Nf6 3. d4 Nxe4 4. Bd3 Nc6 5. d5 Nc5 6. dxc6 e4 7. Be2 exf3 8.
cxb7 Bxb7 9. Bxf3 Bxf3 10. Qxf3 Bd6 11. O-O O-O 12. Nc3 Rb8 13. Rb1 Re8 14. Be3
Na4 15. Nxa4 Qh4 16. Qh3 Qxa4 17. b3 Qxa2 18. Qxd7 Qxc2 19. Bxa7 Rbd8 20. Qh3
Re6 1/2-1/2

[Event "Druga liga Srbije - Vojvodina 2008"]
[Site "Sombor"]
[Date "2008.10.07"]
[Round "10"]
[White "Lalic, Dragan"]
[Black "Krejic, Igor"]
[Result "1-0"]
[WhiteElo "2367"]
[BlackElo "2273"]
[PlyCount "91"]
[EventDate "2008.??.??"]
[Source "Perpetual Check"]

1. Nf3 Nf6 2. g3 g6 3. b3 Bg7 4. Bb2 O-O 5. Bg2 d6 6. d4 c6 7. O-O Nbd7 8. c4
Ne4 9. Nfd2 Nxd2 10. Qxd2 Qc7 11. Nc3 a6 12. d5 f5 13. dxc6 bxc6 14. Nd5 Qd8
15. Bxg7 Kxg7 16. Nb4 Ne5 17. Nxc6 Nxc6 18. Bxc6 Rb8 19. Qd4+ Rf6 20. Qa7 Rb6
21. Bg2 Rf7 22. Qa8 e5 23. Rac1 Qc7 24. Qd5 Bb7 25. Qd2 Bxg2 26. Kxg2 Rc6 27.
Rc3 Qa5 28. Rd3 Qxd2 29. Rxd2 Kf6 30. Rfd1 Ke6 31. Rd5 Rb7 32. f4 e4 33. Kf2 h5
34. h3 Rf7 35. Ke3 Ra7 36. g4 hxg4 37. hxg4 Rf7 38. Rh1 Rc5 39. gxf5+ Rxf5 40.
Rxc5 Rxc5 41. Kxe4 a5 42. Rg1 Kf6 43. Rd1 Rc6 44. Kd5 Ra6 45. e4 g5 46. e5+ 1-0

[Event "Druga liga Srbije - Vojvodina 2008"]
[Site "Sombor"]
[Date "2008.10.07"]
[Round "10"]
[White "Savanovic, Vuk"]
[Black "Perisic, Radivoj"]
[Result "1/2-1/2"]
[WhiteElo "2225"]
[BlackElo "2318"]
[PlyCount "87"]
[EventDate "2008.??.??"]
[Source "Perpetual Check"]

1. e4 c5 2. Nf3 e6 3. d4 cxd4 4. Nxd4 a6 5. c4 Qc7 6. Nc3 Nf6 7. a3 d6 8. Be2
Be7 9. O-O Nc6 10. Be3 Ne5 11. Rc1 b6 12. f3 Bb7 13. b4 O-O 14. Nb3 Nfd7 15.
Qd2 Rfe8 16. Na2 Rac8 17. Rfd1 Nf6 18. Qd4 Ned7 19. Nc3 Rb8 20. Bf1 Red8 21.
Kh1 Nc5 22. Na1 Bc6 23. Qd2 Na4 24. Na2 Qb7 25. Qc2 Rbc8 26. Qf2 b5 27. Nb3 Be8
28. c5 dxc5 29. Rxd8 Rxd8 30. Nxc5 Nxc5 31. Bxc5 Bxc5 32. Qxc5 Rd2 33. Nc3 Qb8
34. Qe3 Rd8 35. e5 Nd5 36. Nxd5 Rxd5 37. f4 Qb7 38. Be2 Rd8 39. Bf3 Qd7 40. h3
Rc8 41. Rxc8 Qxc8 42. Qc5 Qd8 43. Qd6 Qc8 44. Qxa6 1/2-1/2

[Event "Druga liga Srbije - Vojvodina 2008"]
[Site "Sombor"]
[Date "2008.10.07"]
[Round "10"]
[White "Vukic, Radivoj"]
[Black "Medar, Zeljko"]
[Result "1-0"]
[WhiteElo "2333"]
[BlackElo "2184"]
[PlyCount "81"]
[EventDate "2008.??.??"]
[Source "Perpetual Check"]

1. Nf3 Nf6 2. c4 d6 3. d4 c6 4. Nc3 Bf5 5. Nh4 Bd7 6. e4 Qa5 7. Bd2 Qb6 8. Nf3
Bg4 9. d5 Nbd7 10. Qb1 Bxf3 11. gxf3 g6 12. Be3 Qc7 13. Be2 Bg7 14. Qd1 O-O 15.
Rc1 a6 16. f4 e6 17. dxe6 fxe6 18. h4 Rf7 19. h5 Nxh5 20. Bxh5 gxh5 21. Qxh5
Nf8 22. Rg1 b5 23. c5 d5 24. e5 Qa5 25. Kf1 b4 26. Ne2 Qb5 27. Kg2 Qd3 28. Kh2
Qe4 29. Rg4 Ng6 30. Nd4 Re8 31. Rcg1 Ree7 32. Nxc6 d4 33. Nxe7+ Rxe7 34. Bc1
Qf3 35. R1g2 Qd1 36. Rh4 Qxc1 37. Qxh7+ Kf8 38. Qxg6 Rf7 39. Qg5 Ke8 40. Rh7
Bxe5 41. Qg8+ 1-0

[Event "Druga liga Srbije - Vojvodina 2008"]
[Site "Sombor"]
[Date "2008.10.07"]
[Round "10"]
[White "Djacanin, Goran"]
[Black "Vajdic, Nikola"]
[Result "0-1"]
[WhiteElo "2244"]
[BlackElo "2269"]
[PlyCount "106"]
[EventDate "2008.??.??"]
[Source "Perpetual Check"]

1. e4 c5 2. Nc3 Nc6 3. f4 g6 4. Nf3 Bg7 5. Bb5 Nd4 6. Bc4 e6 7. O-O Ne7 8. e5
d5 9. exd6 Nef5 10. Ne4 Nxd6 11. Nxd6+ Qxd6 12. c3 Nc6 13. d3 O-O 14. Qe2 b6
15. Bd2 Na5 16. Rad1 Nxc4 17. dxc4 Qc7 18. Be1 Bb7 19. Bg3 Bxf3 20. Rxf3 Qc6
21. Bh4 Rfe8 22. Rfd3 e5 23. f5 gxf5 24. Rd7 Bf8 25. Qh5 Qg6 26. Qxg6+ fxg6 27.
Rc7 h6 28. Bf6 Re6 29. Bd8 Rd6 30. Rxd6 Bxd6 31. Rd7 Bf8 32. Kf2 Bg7 33. a4 Rb8
34. g4 Kf8 35. gxf5 gxf5 36. Ke3 Kg8 37. h4 h5 38. Bg5 Rf8 39. Rxa7 f4+ 40. Kf3
e4+ 41. Kxe4 f3 42. Be3 f2 43. Bxf2 Rxf2 44. b4 Bxc3 45. a5 bxa5 46. bxc5 Rf7
47. Ra8+ Rf8 48. Ra7 Rc8 49. Kd5 Be1 50. c6 Bxh4 51. Rxa5 Bg3 52. Ke4 h4 53.
Kf3 Rxc6 0-1

[Event "Druga liga Srbije - Vojvodina 2008"]
[Site "Sombor"]
[Date "2008.10.07"]
[Round "10"]
[White "Zlatic, Mihajlo"]
[Black "Drazic, Sinisa"]
[Result "1-0"]
[WhiteElo "2471"]
[BlackElo "2528"]
[PlyCount "127"]
[EventDate "2008.??.??"]
[Source "Perpetual Check"]

1. e4 e5 2. Nf3 Nc6 3. Bc4 Nf6 4. d3 h6 5. O-O d6 6. c3 g6 7. Nbd2 Bg7 8. Re1
O-O 9. Nf1 Na5 10. Bb5 a6 11. Ba4 b5 12. Bc2 c5 13. d4 Qc7 14. Ne3 Bd7 15. Bd2
Rfe8 16. dxe5 dxe5 17. b4 Nb7 18. a4 Bc6 19. axb5 axb5 20. Rxa8 Rxa8 21. c4
bxc4 22. Nxc4 Nd7 23. Na5 Nxa5 24. bxa5 c4 25. Bc3 Nc5 26. Qe2 Bb5 27. Rb1 Rb8
28. Qe3 Kh7 29. h4 h5 30. Ng5+ Kg8 31. Nf3 Kh7 32. Ng5+ Kg8 33. Nf3 f6 34. Nd2
Kh7 35. g3 Ne6 36. Nf3 Bh6 37. Qe2 Rb7 38. Qd1 Qc6 39. Qd5 Qxd5 40. exd5 Nc5
41. Nd2 Bc6 42. Rxb7+ Nxb7 43. Ne4 Bg7 44. d6 Bb5 45. Bb4 Kg8 46. Nc3 Ba6 47.
Bxg6 Bf8 48. Ne4 Bb5 49. Nxf6+ Kg7 50. Be8 Kxf6 51. Bxb5 Nxd6 52. Bxd6 Bxd6 53.
Bxc4 Bc7 54. a6 Bb6 55. Kg2 Ba7 56. f3 Ke7 57. Bd3 Kf6 58. Be4 Bb6 59. g4 Kg7
60. Kf1 Kh6 61. Ke2 Kg7 62. Kd3 Kf6 63. Kc4 Bf2 64. Kd5 1-0

[Event "Druga liga Srbije - Vojvodina 2008"]
[Site "Sombor"]
[Date "2008.10.07"]
[Round "10"]
[White "Petkovic, Radosav"]
[Black "Kizov, Atanas"]
[Result "1/2-1/2"]
[WhiteElo "2313"]
[BlackElo "2439"]
[PlyCount "49"]
[EventDate "2008.??.??"]
[Source "Perpetual Check"]

1. e4 e5 2. Nf3 Nc6 3. d4 exd4 4. Nxd4 Bc5 5. Be3 Qf6 6. c3 Nge7 7. Bc4 Ne5 8.
Be2 Qg6 9. O-O d6 10. f3 O-O 11. Nd2 d5 12. Kh1 dxe4 13. Nxe4 Nd5 14. Bc1 Be7
15. c4 Nb6 16. Qb3 c5 17. Nb5 Be6 18. Nc7 Rac8 19. Nxe6 Qxe6 20. Bf4 Nc6 21.
Bd3 Nb4 22. Be2 Nc6 23. Bd3 Nb4 24. Be2 Nc6 25. Qd3 1/2-1/2

[Event "Druga liga Srbije - Vojvodina 2008"]
[Site "Sombor"]
[Date "2008.10.07"]
[Round "10"]
[White "Miranovic, Rajko"]
[Black "Munizaba, Slobodan"]
[Result "1-0"]
[WhiteElo "2383"]
[BlackElo "2307"]
[PlyCount "68"]
[EventDate "2008.??.??"]
[Source "Perpetual Check"]

1. e4 c5 2. Nf3 d6 3. d4 cxd4 4. Nxd4 Nf6 5. Nc3 a6 6. Be2 g6 7. Be3 Bg7 8. g4
h6 9. f4 Nc6 10. Nb3 b5 11. Bf3 Bd7 12. Qe2 Rc8 13. O-O-O Nb4 14. a3 Rxc3 15.
axb4 Rxe3 16. Qxe3 Nxg4 17. Qe2 Qc8 18. Rhg1 h5 19. h3 Nf6 20. e5 dxe5 21. fxe5
Nh7 22. Nc5 Bxh3 23. e6 Nf8 24. Bb7 Qc7 25. Qf3 Nxe6 26. Nxe6 Bh6+ 27. Ng5 O-O
28. Qxh3 Bxg5+ 29. Kb1 Bh6 30. Bd5 e6 31. Bxe6 fxe6 32. Rxg6+ Kf7 33. Qxh5 Ke8
34. Rxh6+ Rf7 {dalje je necitko} 1-0

[Event "Druga liga Srbije - Vojvodina 2008"]
[Site "Sombor"]
[Date "2008.10.07"]
[Round "10"]
[White "Zivkovic, Negosim"]
[Black "Grujic, Zoran"]
[Result "1/2-1/2"]
[WhiteElo "2237"]
[BlackElo "2335"]
[PlyCount "67"]
[EventDate "2008.??.??"]
[Source "Perpetual Check"]

1. e4 c5 2. Nc3 e6 3. g3 Nc6 4. Bg2 g6 5. f4 Bg7 6. Nf3 d6 7. O-O Nge7 8. d3
O-O 9. Be3 Nd4 10. Qd2 Rb8 11. Rab1 b6 12. Ne2 e5 13. h3 Nxe2+ 14. Qxe2 exf4
15. Bxf4 h6 16. g4 Be6 17. a3 Qd7 18. c3 Rbc8 19. Qf2 g5 20. Bg3 d5 21. Rbd1
Rcd8 22. Rd2 Qc8 23. Be5 f6 24. Bg3 dxe4 25. dxe4 Rxd2 26. Qxd2 Rd8 27. Qe3 Qd7
28. Rf2 Qd1+ 29. Kh2 Rd3 30. Qe2 Qxe2 31. Rxe2 Nc6 32. Rd2 Rxd2 33. Nxd2 Kf7
34. Nf1 1/2-1/2

[Event "Druga liga Srbije - Vojvodina 2008"]
[Site "Sombor"]
[Date "2008.10.07"]
[Round "10"]
[White "Bulajic, Ratko"]
[Black "Donevski, Darko"]
[Result "0-1"]
[WhiteElo "2346"]
[BlackElo "2117"]
[PlyCount "132"]
[EventDate "2008.??.??"]
[Source "Perpetual Check"]

1. d4 d5 2. c4 c6 3. Nc3 Nf6 4. Nf3 e6 5. e3 Nbd7 6. Qc2 Bd6 7. Be2 O-O 8. O-O
dxc4 9. Bxc4 b5 10. Bd3 Bb7 11. e4 e5 12. dxe5 Nxe5 13. Nxe5 Bxe5 14. h3 b4 15.
Na4 Bd4 16. Re1 c5 17. Be3 Bxe3 18. Rxe3 Rc8 19. b3 Re8 20. Nb2 Qd4 21. Rd1 Qc3
22. Qb1 Qe5 23. Nc4 Qf4 24. e5 Nd5 25. Bxh7+ Kh8 26. Rf3 Qh6 27. Nd6 Qxh7 28.
Qxh7+ Kxh7 29. Nxb7 Rxe5 30. Nd6 Rc7 31. Nc4 Rh5 32. Rd2 Nc3 33. Rfd3 f6 34. a4
Ne4 35. Re2 Nc3 36. Red2 Ne4 37. Rd1 Rf5 38. f3 Nc3 39. Rd7 Rxd7 40. Rxd7 Ne2+
41. Kf2 Nd4 42. Rxa7 Nxb3 43. a5 Rf4 44. Ne3 Rd4 45. a6 Rd2+ 46. Kg3 Nd4 47.
Rb7 Ra2 48. a7 Nc6 49. Rc7 Nxa7 50. Rxc5 b3 51. Rc3 b2 52. Rb3 Ra3 53. Rxb2
Rxe3 54. Kf4 Re5 55. h4 Nc6 56. Rd2 Ne7 57. g4 g5+ 58. Kg3 gxh4+ 59. Kxh4 Re3
60. Rd7 Kg6 61. Kg3 Nc6 62. Kh4 Ne5 63. Rd6 Nxf3+ 64. Kg3 Ne5+ 65. Kf4 Rf3+ 66.
Ke4 Rg3 0-1